[Event "37th Reykjavik op"]
[Site "Reykjavik ISL"]
[Date "2024.03.18"]
[Round "6.22"]
[White "Ornolfsson, Magnus P."]
[Black "Larkin, Vladyslav"]
[WhiteElo "2163"]
[BlackElo "2450"]
[Result "0-1"]
[EventDate "2024.03.15"]
[PlyCount "90"]

1. e4 { [%eval 0.13] [%clk 1:30:57] } 1... d6?! { [%eval 0.75] } { Inaccuracy. e5 was best. } { [%clk 1:23:05] } (1... e5 2. Nf3 Nc6 3. Bb5 Nf6 4. O-O Nxe4 5. Re1 Nd6 6. Nxe5) 2. d4 { [%eval 0.4] [%clk 1:30:43] } 2... Nf6 { [%eval 0.63] [%clk 1:23:31] } 3. Nc3 { [%eval 0.48] [%clk 1:30:51] } 3... c6 { [%eval 0.76] [%clk 1:23:56] } 4. Nf3 { [%eval 0.83] [%clk 1:29:40] } 4... Bg4 { [%eval 1.34] [%clk 1:24:19] } 5. Be2 { [%eval 0.81] [%clk 1:28:52] } 5... e6 { [%eval 0.76] [%clk 1:24:07] } 6. h3 { [%eval 0.64] [%clk 1:27:44] } 6... Bh5 { [%eval 0.58] [%clk 1:24:33] } 7. O-O { [%eval 0.64] [%clk 1:26:48] } 7... Be7 { [%eval 0.54] [%clk 1:24:46] } 8. Re1 { [%eval 0.25] [%clk 1:22:21] } 8... d5 { [%eval 0.31] [%clk 1:24:58] } 9. exd5 { [%eval 0.28] [%clk 1:20:27] } 9... Bxf3 { [%eval 0.49] [%clk 1:25:17] } 10. Bxf3 { [%eval 0.25] [%clk 1:20:40] } 10... cxd5 { [%eval 0.29] [%clk 1:25:43] } 11. Bg5 { [%eval 0.15] [%clk 1:15:59] } 11... O-O { [%eval 0.23] [%clk 1:25:59] } 12. Qd3 { [%eval 0.09] [%clk 1:10:43] } 12... Nc6 { [%eval 0.07] [%clk 1:25:47] } 13. Nd1 { [%eval -0.06] [%clk 1:03:17] } 13... Qb6 { [%eval 0.07] [%clk 1:23:11] } 14. c3 { [%eval 0.1] [%clk 1:02:38] } 14... Rfc8 { [%eval 0.25] [%clk 1:03:34] } 15. b3 { [%eval 0.0] [%clk 0:52:16] } 15... Rc7 { [%eval 0.28] [%clk 0:58:09] } 16. Ne3 { [%eval 0.13] [%clk 0:46:54] } 16... Rd7 { [%eval 0.11] [%clk 0:58:33] } 17. Bxf6?! { [%eval -0.54] } { Inaccuracy. Nc2 was best. } { [%clk 0:42:06] } (17. Nc2 Rc8 18. Bd2 Qd8 19. g3 Bf8 20. Re2 Ne7 21. Ne3 Rdc7 22. Kg2 g6 23. Ng4 Nf5) 17... Bxf6 { [%eval -0.45] [%clk 0:58:49] } 18. Ng4 { [%eval -0.44] [%clk 0:42:05] } 18... Qd8 { [%eval -0.26] [%clk 0:58:25] } 19. Rad1 { [%eval -0.34] [%clk 0:38:12] } 19... Rc8 { [%eval -0.25] [%clk 0:57:25] } 20. Nxf6+ { [%eval -0.27] [%clk 0:35:05] } 20... Qxf6 { [%eval -0.38] [%clk 0:54:59] } 21. Qe3 { [%eval -0.51] [%clk 0:33:02] } 21... g6 { [%eval -0.51] [%clk 0:53:37] } 22. g4 { [%eval -0.68] [%clk 0:29:42] } 22... Ne7 { [%eval -0.19] [%clk 0:51:33] } 23. Bg2?! { [%eval -1.14] } { Inaccuracy. g5 was best. } { [%clk 0:27:33] } (23. g5) 23... g5 { [%eval -1.13] [%clk 0:48:36] } 24. Rc1 { [%eval -1.1] [%clk 0:24:44] } 24... Ng6 { [%eval -1.29] [%clk 0:46:33] } 25. Red1 { [%eval -1.38] [%clk 0:22:55] } 25... Nf4 { [%eval -1.21] [%clk 0:46:05] } 26. Bf1 { [%eval -1.56] [%clk 0:22:28] } 26... a6 { [%eval -1.06] [%clk 0:44:31] } 27. Kh2 { [%eval -1.48] [%clk 0:17:58] } 27... Kg7 { [%eval -1.44] [%clk 0:44:40] } 28. Bd3 { [%eval -1.76] [%clk 0:15:30] } 28... Rdc7 { [%eval -1.58] [%clk 0:41:49] } 29. Bf1 { [%eval -1.67] [%clk 0:15:06] } 29... h5 { [%eval -1.43] [%clk 0:40:48] } 30. gxh5 { [%eval -1.67] [%clk 0:14:12] } 30... Nxh5 { [%eval -1.37] [%clk 0:41:13] } 31. c4 { [%eval -1.32] [%clk 0:13:38] } 31... Nf4 { [%eval -1.4] [%clk 0:40:42] } 32. c5 { [%eval -1.92] [%clk 0:12:32] } 32... Rh8 { [%eval -1.82] [%clk 0:40:40] } 33. Qe5 { [%eval -2.44] [%clk 0:10:48] } 33... Qxe5 { [%eval -2.51] [%clk 0:40:39] } 34. dxe5 { [%eval -2.47] [%clk 0:11:10] } 34... a5 { [%eval -2.46] [%clk 0:39:37] } 35. a3 { [%eval -2.42] [%clk 0:10:01] } 35... Ng6 { [%eval -2.54] [%clk 0:39:58] } 36. Re1 { [%eval -2.5] [%clk 0:09:13] } 36... Rh4 { [%eval -2.47] [%clk 0:39:52] } 37. Re3 { [%eval -2.4] [%clk 0:07:02] } 37... Rd4 { [%eval -2.26] [%clk 0:36:23] } 38. Kg3 { [%eval -2.53] [%clk 0:05:49] } 38... Rc8 { [%eval -2.7] [%clk 0:36:32] } 39. Bb5 { [%eval -2.73] [%clk 0:02:59] } 39... Rd2 { [%eval -2.64] [%clk 0:36:23] } 40. Bf1 { [%eval -3.17] [%clk 0:01:14] } 40... Rb2 { [%eval -3.2] [%clk 0:36:05] } 41. Bg2 { [%eval -3.95] [%clk 0:23:15] } 41... Nh4 { [%eval -3.7] [%clk 1:05:56] } 42. Rd3 { [%eval -3.73] [%clk 0:21:32] } 42... Nf5+ { [%eval -3.55] [%clk 1:05:48] } 43. Kg4?! { [%eval -4.79] } { Inaccuracy. Kh2 was best. } { [%clk 0:20:34] } (43. Kh2 Rxf2 44. Kg1 Rf4 45. Rdc3 Nd4 46. Re1 Rf5 47. b4 axb4 48. axb4 Ra8 49. Rg3 Ra2) 43... Rxf2 { [%eval -4.82] [%clk 1:05:43] } 44. Bxd5?? { [%eval #-12] } { Checkmate is now unavoidable. Bf3 was best. } { [%clk 0:18:06] } (44. Bf3 Kg6 45. h4 Rh2 46. Rh1 Nh6+ 47. Kg3 Rxh1 48. Bxh1 Rxc5 49. hxg5 Kxg5 50. b4 Nf5+) 44... Kg6 { [%eval -7.54] [%clk 1:05:24] } 45. h4? { [%eval #-11] } { Checkmate is now unavoidable. Rf1 was best. } { [%clk 0:15:01] } (45. Rf1 Rxf1 46. h4 Rf4+ 47. Kh3 exd5 48. Rc3 d4 49. Rg3 Rxh4+ 50. Kg2 Rxc5 51. e6 Rc2+) 45... Rh8 { [%eval #-10] [%clk 1:05:41] } 0-1

[Event "37th Reykjavik op"]
[Site "Reykjavik ISL"]
[Date "2024.03.18"]
[Round "6.24"]
[White "Haldorsen, Benjamin"]
[Black "Pujari, Rucha"]
[WhiteElo "2426"]
[BlackElo "2147"]
[Result "1/2-1/2"]
[EventDate "2024.03.15"]
[PlyCount "76"]

1. e4 { [%eval 0.13] [%clk 1:28:20] } 1... e5 { [%eval 0.17] [%clk 1:29:29] } 2. Nf3 { [%eval 0.21] [%clk 1:28:20] } 2... Nc6 { [%eval 0.13] [%clk 1:29:21] } 3. Bb5 { [%eval 0.21] [%clk 1:27:16] } 3... a6 { [%eval 0.2] [%clk 1:29:35] } 4. Ba4 { [%eval 0.31] [%clk 1:27:19] } 4... Nf6 { [%eval 0.14] [%clk 1:29:55] } 5. O-O { [%eval 0.24] [%clk 1:27:16] } 5... Be7 { [%eval 0.19] [%clk 1:30:20] } 6. Bxc6 { [%eval 0.0] [%clk 1:27:02] } 6... dxc6 { [%eval 0.08] [%clk 1:29:15] } 7. Nc3 { [%eval 0.0] [%clk 1:27:24] } 7... Nd7 { [%eval 0.29] [%clk 1:24:40] } 8. d4 { [%eval 0.03] [%clk 1:26:54] } 8... exd4 { [%eval 0.08] [%clk 1:22:06] } 9. Nxd4 { [%eval 0.01] [%clk 1:27:17] } 9... O-O { [%eval 0.31] [%clk 1:21:06] } 10. Nf5 { [%eval 0.37] [%clk 1:25:45] } 10... Bf6 { [%eval 0.25] [%clk 1:14:25] } 11. Qe1 { [%eval 0.41] [%clk 1:25:50] } 11... Nb6 { [%eval 0.35] [%clk 1:08:00] } 12. Ng3 { [%eval 0.28] [%clk 1:18:54] } 12... Re8 { [%eval 0.33] [%clk 1:00:30] } 13. Be3 { [%eval 0.21] [%clk 1:09:03] } 13... Qe7 { [%eval 0.33] [%clk 0:55:06] } 14. f4 { [%eval 0.03] [%clk 1:00:55] } 14... Nc4 { [%eval 0.52] [%clk 0:50:43] } 15. b3 { [%eval 0.27] [%clk 0:56:58] } 15... Bxc3 { [%eval 0.57] [%clk 0:39:01] } 16. Qxc3 { [%eval 0.5] [%clk 0:56:40] } 16... Nxe3 { [%eval 0.58] [%clk 0:39:18] } 17. Qxe3 { [%eval 0.54] [%clk 0:55:57] } 17... f5 { [%eval 0.85] [%clk 0:38:49] } 18. e5 { [%eval 0.48] [%clk 0:39:54] } 18... Be6 { [%eval 0.46] [%clk 0:36:45] } 19. Ne2 { [%eval 0.46] [%clk 0:38:14] } 19... c5 { [%eval 0.44] [%clk 0:35:04] } 20. Rfd1 { [%eval 0.44] [%clk 0:34:34] } 20... Rad8 { [%eval 0.5] [%clk 0:27:44] } 21. h3 { [%eval 0.54] [%clk 0:26:40] } 21... Bd5 { [%eval 0.89] [%clk 0:25:05] } 22. c4 { [%eval 0.73] [%clk 0:26:23] } 22... Be6 { [%eval 0.82] [%clk 0:13:50] } 23. Nc3 { [%eval 0.72] [%clk 0:25:40] } 23... b6 { [%eval 0.83] [%clk 0:14:09] } 24. Kh2 { [%eval 0.58] [%clk 0:17:44] } 24... h6 { [%eval 0.62] [%clk 0:09:19] } 25. Rd3 { [%eval 0.33] [%clk 0:07:17] } 25... Rxd3 { [%eval 0.39] [%clk 0:08:39] } (25... Rd6 26. Rd4 Rxd4 { [%clk 0:08:39] } 27. Qd3 { [%clk 0:07:21] }) 26. Qxd3 { [%eval 0.49] [%clk 0:07:21] } 26... Rd8 { [%eval 0.55] [%clk 0:08:58] } 27. Qf3?! { [%eval 0.0] } { Inaccuracy. Nd5 was best. } { [%clk 0:05:41] } (27. Nd5) 27... Rd4 { [%eval 0.0] [%clk 0:08:03] } 28. Rd1 { [%eval -0.09] [%clk 0:05:23] } 28... Qd7 { [%eval -0.1] [%clk 0:06:56] } 29. Nd5 { [%eval -0.46] [%clk 0:04:04] } 29... b5 { [%eval -0.45] [%clk 0:02:59] } 30. Rxd4 { [%eval -0.92] [%clk 0:01:27] } 30... cxd4 { [%eval -0.82] [%clk 0:03:26] } 31. Qd3 { [%eval -0.76] [%clk 0:01:44] } 31... bxc4 { [%eval -0.67] [%clk 0:01:02] } 32. bxc4 { [%eval -0.5] [%clk 0:02:10] } 32... Bxd5 { [%eval 0.0] [%clk 0:00:44] } 33. cxd5 { [%eval 0.0] [%clk 0:02:36] } 33... Qxd5 { [%eval 0.0] [%clk 0:01:09] } 34. Qxf5 { [%eval 0.0] [%clk 0:02:57] } 34... d3 { [%eval 0.0] [%clk 0:01:02] } 35. Qc8+ { [%eval 0.0] [%clk 0:02:49] } 35... Kh7 { [%eval 0.0] [%clk 0:00:49] } 36. Qf5+ { [%eval 0.0] [%clk 0:03:05] } 36... Kg8 { [%eval 0.0] [%clk 0:00:38] } 37. Qc8+ { [%eval 0.0] [%clk 0:03:30] } 37... Kh7 { [%eval 0.0] [%clk 0:01:05] } 38. Qf5+ { [%eval 0.0] [%clk 0:01:59] } 38... Kg8 1/2-1/2

[Event "37th Reykjavik op"]
[Site "Reykjavik ISL"]
[Date "2024.03.18"]
[Round "6.25"]
[White "Lu, Miaoyi"]
[Black "Bergsson, Stefan"]
[WhiteElo "2392"]
[BlackElo "2144"]
[Result "1-0"]
[EventDate "2024.03.15"]
[PlyCount "71"]

1. e4 { [%eval 0.13] [%clk 1:30:59] } 1... c5 { [%eval 0.33] [%clk 1:24:07] } 2. Nf3 { [%eval 0.22] [%clk 1:31:26] } 2... Nc6 { [%eval 0.31] [%clk 1:23:38] } 3. Bb5 { [%eval 0.25] [%clk 1:31:53] } 3... g6 { [%eval 0.37] [%clk 1:23:47] } 4. O-O { [%eval 0.2] [%clk 1:25:50] } 4... Bg7 { [%eval 0.55] [%clk 1:24:05] } 5. Re1 { [%eval 0.28] [%clk 1:24:48] } 5... e5 { [%eval 0.35] [%clk 1:24:03] } 6. Bxc6 { [%eval 0.29] [%clk 1:24:14] } 6... dxc6 { [%eval 0.35] [%clk 1:24:05] } 7. a4 { [%eval 0.12] [%clk 1:24:42] } 7... a5 { [%eval 0.33] [%clk 1:24:11] } 8. Na3 { [%eval 0.39] [%clk 1:25:00] } 8... Ne7 { [%eval 0.39] [%clk 1:23:41] } 9. Nc4 { [%eval 0.5] [%clk 1:21:01] } 9... Qc7 { [%eval 0.44] [%clk 1:23:45] } 10. d3 { [%eval 0.45] [%clk 1:21:29] } 10... b6 { [%eval 0.44] [%clk 1:23:55] } 11. Be3 { [%eval 0.24] [%clk 1:21:33] } 11... h6 { [%eval 0.73] [%clk 1:20:22] } 12. b4 { [%eval 0.77] [%clk 1:19:07] } 12... axb4 { [%eval 0.97] [%clk 1:13:36] } 13. a5 { [%eval 0.88] [%clk 1:19:26] } 13... bxa5 { [%eval 0.87] [%clk 1:05:37] } 14. Bxc5 { [%eval 1.4] [%clk 1:19:52] } 14... Be6 { [%eval 1.36] [%clk 1:02:31] } 15. Bd6?! { [%eval 0.42] } { Inaccuracy. Nfd2 was best. } { [%clk 1:01:36] } (15. Nfd2) 15... Qd8 { [%eval 0.4] [%clk 1:02:36] } 16. Nfxe5 { [%eval 0.21] [%clk 1:02:02] } 16... Bxc4 { [%eval 0.53] [%clk 0:49:24] } 17. Nxc4 { [%eval 0.35] [%clk 1:02:30] } 17... Bxa1?! { [%eval 1.0] } { Inaccuracy. Bd4 was best. } { [%clk 0:48:46] } (17... Bd4) 18. Qxa1 { [%eval 0.86] [%clk 1:02:48] } 18... O-O { [%eval 0.81] [%clk 0:48:12] } 19. Re3 { [%eval 0.54] [%clk 0:54:12] } 19... Re8?! { [%eval 1.21] } { Inaccuracy. c5 was best. } { [%clk 0:47:20] } (19... c5) 20. Rh3?! { [%eval 0.14] } { Inaccuracy. Bc5 was best. } { [%clk 0:49:28] } (20. Bc5) 20... Nd5 { [%eval 0.0] [%clk 0:40:38] } 21. exd5 { [%eval 0.15] [%clk 0:25:49] } 21... cxd5 { [%eval 0.12] [%clk 0:40:43] } 22. Rxh6 { [%eval 0.16] [%clk 0:22:25] } 22... f6 { [%eval 0.0] [%clk 0:39:13] } 23. Rxg6+ { [%eval 0.0] [%clk 0:21:23] } 23... Kf7 { [%eval 0.0] [%clk 0:38:23] } 24. Rh6 { [%eval -0.22] [%clk 0:15:02] } 24... dxc4 { [%eval -0.34] [%clk 0:37:07] } 25. Bc7?? { [%eval -2.76] } { Blunder. Be7 was best. } { [%clk 0:14:10] } (25. Be7) 25... Qd4 { [%eval -2.73] [%clk 0:32:58] } 26. Qd1 { [%eval -2.49] [%clk 0:14:38] } 26... Qd5 { [%eval -2.96] [%clk 0:18:24] } 27. Rh7+ { [%eval -2.94] [%clk 0:10:29] } 27... Kg8 { [%eval -2.74] [%clk 0:17:05] } 28. Rh4 { [%eval -2.79] [%clk 0:08:44] } 28... cxd3 { [%eval -2.78] [%clk 0:15:24] } 29. cxd3 { [%eval -2.66] [%clk 0:07:07] } 29... Rac8?? { [%eval 0.0] } { Blunder. Re7 was best. } { [%clk 0:14:28] } (29... Re7) 30. Qg4+ { [%eval 0.0] [%clk 0:06:03] } 30... Qg5 { [%eval 0.0] [%clk 0:13:50] } 31. Qc4+ { [%eval 0.0] [%clk 0:06:31] } 31... Kf8 { [%eval 0.0] [%clk 0:10:39] } 32. g3 { [%eval 0.0] [%clk 0:06:48] } 32... Re1+?? { [%eval 3.06] } { Blunder. Qf5 was best. } { [%clk 0:02:08] } (32... Qf5 33. Bd6+ Kg7 34. Rg4+ Kh8 35. Qd4 Qf3 36. Rh4+ Kg8 37. Rg4+) 33. Kg2 { [%eval 2.68] [%clk 0:07:16] } 33... Rc1?? { [%eval 5.54] } { Blunder. Qf5 was best. } { [%clk 0:01:18] } (33... Qf5) 34. Bd6+ { [%eval 5.46] [%clk 0:06:09] } 34... Kg7 { [%eval 5.29] [%clk 0:01:39] } 35. Qe6 { [%eval 5.01] [%clk 0:05:33] } 35... f5?? { [%eval #3] } { Checkmate is now unavoidable. Qxh4 was best. } { [%clk 0:00:32] } (35... Qxh4 36. gxh4 R1c7 37. h5 b3 38. Bxc7 Rxc7 39. Qxb3 Rc5 40. Qb7+ Kh6 41. Qf7 Rg5+ 42. Kf1) 36. Be5+ { [%eval #2] [%clk 0:05:53] } 1-0

[Event "37th Reykjavik op"]
[Site "Reykjavik ISL"]
[Date "2024.03.18"]
[Round "6.26"]
[White "Jorgen, Eriksson"]
[Black "Sidhant, Mohapatra"]
[WhiteElo "2154"]
[BlackElo "2379"]
[Result "0-1"]
[EventDate "2024.03.15"]
[PlyCount "88"]

1. d4 { [%eval 0.15] [%clk 1:27:27] } 1... d5 { [%eval 0.25] [%clk 1:30:32] } 2. Bf4 { [%eval 0.03] [%clk 1:27:42] } 2... c5 { [%eval 0.11] [%clk 1:30:24] } 3. e3 { [%eval 0.0] [%clk 1:27:58] } 3... Nc6 { [%eval 0.0] [%clk 1:30:37] } 4. Nf3 { [%eval 0.0] [%clk 1:27:33] } 4... Nf6 { [%eval 0.0] [%clk 1:30:59] } 5. Nbd2 { [%eval 0.0] [%clk 1:26:15] } 5... Nh5 { [%eval 0.29] [%clk 1:29:17] } 6. Be5 { [%eval 0.03] [%clk 0:57:13] } 6... e6 { [%eval 0.0] [%clk 1:29:31] } 7. c3 { [%eval -0.14] [%clk 0:56:55] } 7... f6 { [%eval -0.08] [%clk 1:29:30] } 8. Bg3 { [%eval -0.23] [%clk 0:57:12] } 8... g6 { [%eval -0.03] [%clk 1:29:47] } 9. Be2 { [%eval -0.19] [%clk 0:47:41] } 9... Be7 { [%eval 0.24] [%clk 1:23:34] } 10. O-O { [%eval 0.16] [%clk 0:38:50] } 10... O-O { [%eval 0.21] [%clk 1:22:48] } 11. c4 { [%eval 0.15] [%clk 0:33:36] } 11... Nxg3 { [%eval 0.13] [%clk 1:22:11] } 12. hxg3 { [%eval 0.05] [%clk 0:33:53] } 12... cxd4 { [%eval 0.17] [%clk 1:22:23] } 13. exd4 { [%eval 0.05] [%clk 0:33:34] } 13... Kg7 { [%eval 0.03] [%clk 1:21:58] } 14. Nb3 { [%eval 0.05] [%clk 0:23:07] } 14... a5 { [%eval 0.11] [%clk 1:19:11] } 15. cxd5 { [%eval 0.18] [%clk 0:14:46] } 15... exd5 { [%eval 0.19] [%clk 1:19:23] } 16. a4 { [%eval -0.07] [%clk 0:09:27] } 16... Bd6 { [%eval -0.02] [%clk 1:16:56] } 17. Ne1 { [%eval -0.55] [%clk 0:08:07] } 17... Qb6 { [%eval -0.01] [%clk 1:16:26] } 18. Bf3 { [%eval -0.39] [%clk 0:06:27] } 18... Be6 { [%eval -0.42] [%clk 1:16:29] } 19. Nd3 { [%eval -0.37] [%clk 0:06:28] } 19... Bf7 { [%eval -0.39] [%clk 1:16:23] } 20. Ndc5?! { [%eval -1.01] } { Inaccuracy. Ndc1 was best. } { [%clk 0:05:49] } (20. Ndc1 h5 21. Na2 Rad8 22. Nc3 Bb4 23. Qd3 Qc7 24. Qb5 Na7 25. Qd3 Qc4 26. Qc2 b6) 20... Rfe8 { [%eval -1.05] [%clk 1:16:38] } 21. Qd3 { [%eval -1.11] [%clk 0:05:33] } 21... Nb4 { [%eval -0.8] [%clk 1:15:40] } 22. Qb5 { [%eval -1.06] [%clk 0:04:55] } 22... Qxb5 { [%eval -0.87] [%clk 1:15:20] } 23. axb5 { [%eval -0.84] [%clk 0:05:24] } 23... b6 { [%eval -0.95] [%clk 1:15:31] } 24. Na4 { [%eval -1.0] [%clk 0:05:35] } 24... Rab8 { [%eval -0.95] [%clk 1:15:55] } 25. Rfe1 { [%eval -1.11] [%clk 0:04:55] } 25... Red8 { [%eval -1.01] [%clk 1:14:55] } 26. Rad1 { [%eval -1.23] [%clk 0:04:32] } 26... h5 { [%eval -1.22] [%clk 1:14:57] } 27. Re2 { [%eval -1.66] [%clk 0:04:00] } 27... g5 { [%eval -1.58] [%clk 1:15:10] } 28. Red2?! { [%eval -2.26] } { Inaccuracy. Re3 was best. } { [%clk 0:03:14] } (28. Re3 g4) 28... g4 { [%eval -2.13] [%clk 1:15:27] } 29. Be2 { [%eval -1.91] [%clk 0:03:39] } 29... Bg6 { [%eval -1.93] [%clk 1:14:40] } 30. Rc1 { [%eval -2.47] [%clk 0:02:44] } 30... Rd7 { [%eval -1.98] [%clk 1:14:12] } 31. Na1?! { [%eval -2.89] } { Inaccuracy. Rf1 was best. } { [%clk 0:01:53] } (31. Rf1 f5) 31... Kf7?! { [%eval -1.91] } { Inaccuracy. f5 was best. } { [%clk 1:13:43] } (31... f5 32. f4 h4 33. Rf1 hxg3 34. Bd3 Rc7 35. Nc3 Re8 36. Nb3 Rce7 37. Nc1 Re1 38. Rd1) 32. Rcd1 { [%eval -2.12] [%clk 0:00:53] } 32... Rc7 { [%eval -2.25] [%clk 1:13:44] } 33. Bf1 { [%eval -2.48] [%clk 0:00:49] } 33... Bf5?! { [%eval -1.73] } { Inaccuracy. Be4 was best. } { [%clk 1:13:28] } (33... Be4 34. Nc3 Rh8 35. Rc1 Bf5 36. Re1 h4 37. gxh4 g3 38. Rdd1 Rxh4 39. fxg3 Bxg3) 34. Be2?! { [%eval -2.89] } { Inaccuracy. Re2 was best. } { [%clk 0:00:42] } (34. Re2) 34... Kg6 { [%eval -2.76] [%clk 1:13:49] } 35. Bf1 { [%eval -2.72] [%clk 0:01:04] } 35... Rh7 { [%eval -2.54] [%clk 1:14:12] } 36. Re1 { [%eval -3.11] [%clk 0:00:34] } 36... Be4 { [%eval -2.84] [%clk 1:13:57] } 37. Rde2 { [%eval -3.07] [%clk 0:00:40] } 37... h4 { [%eval -3.16] [%clk 1:12:15] } 38. Rxe4 { [%eval -3.33] [%clk 0:00:54] } 38... dxe4 { [%eval -3.07] [%clk 1:12:41] } 39. Rxe4 { [%eval -3.41] [%clk 0:01:13] } 39... hxg3 { [%eval -3.42] [%clk 1:13:04] } 40. fxg3 { [%eval -4.16] [%clk 0:01:10] } 40... Kg5 { [%eval -4.18] [%clk 1:13:22] } 41. Kf2 { [%eval -4.17] [%clk 0:30:25] } 41... Rh1 { [%eval -4.07] [%clk 1:40:46] } 42. Nb3 { [%eval -4.06] [%clk 0:23:11] } 42... f5 { [%eval -3.96] [%clk 1:39:46] } 43. Re6 { [%eval -4.75] [%clk 0:22:12] } 43... Bxg3+ { [%eval -4.61] [%clk 1:39:43] } 44. Ke2 { [%eval -5.53] [%clk 0:22:28] } 44... Nd5 { [%eval -5.39] [%clk 1:40:03] } 0-1